00456cam a2200145 i 4500041001200000082001600012100002300028245002300051260004100074300005500115500007900170500002000249650001900269700002200288 aEnglish00a722.44bKRA1 aKramrisch, Stella,14aThe Hindu temple / aDelhi :bMotilal Banarsidass,c1976. a2 v. (xi, 466 p., lxxx leaves of plates) :bill. ; aReprint of the 1946 ed. published by the University of Calcutta, Calcutta. aIncludes index. 0aHindu temples.1 aBurnier, Raymond.